000 00449nam a2200217Ia 4500
003 IT-RoPAU
008 120407s9999 xx 000 0 und d
040 _aIT-RoPAU
040 _cIT-RoPAU
041 _alat
100 _aFrancois Amiot
100 _cs.j.
245 _aFrom Scripture to prayer.
250 _aStaten Island, NY
260 _aAlba House
260 _c1967
300 _c23 cm
490 _v2
942 _cBK
999 _c467
_d467